| 000 | 00484nam a2200193Ia 4500 | ||
|---|---|---|---|
| 003 | GCL | ||
| 008 | 140319s9999 xx 000 0 eng d | ||
| 040 |
_aGCL / _cGCL |
||
| 082 | 0 | 4 |
_aCH _b894.545 _bR W |
| 100 | 1 | _aRAUD, ENO | |
| 245 | 1 | 0 |
_aTHE WATCHFUL STORK / _cRAUD, ENO |
| 700 | 1 | _aMANNERMAA, EVI | |
| 260 |
_a[S.N] : _bTALLINN PERIOODIKA ، _c1983 |
||
| 300 | _a16 P | ||
| 650 | 0 | 4 | _aCHILDREN |
| 650 | 0 | 4 | _aESTONIAN FICTION |
| 650 | 0 | 4 | _aCHILDREN - FICTION |
| 942 |
_2ddc _cBK |
||
| 999 |
_c15208 _d15208 |
||